Acta de sesión extraordinaria del 6 de julio de 2011. Tarifas de colegios privados (Record no. 9123)

MARC details
000 -LEADER
campo de control de longitud fija 00453nam a2200133Ia 4500
001 - NÚMERO DE CONTROL
campo de control 3155
008 - DATOS DE LONGITUD FIJA--INFORMACIÓN GENERAL
campo de control de longitud fija 241024s9999 xx 000 0 und d
082 ## - NÚMERO DE LA CLASIFICACIÓN DECIMAL DEWEY
Número de clasificación RD/370.97293/R426a/1-T
100 ## - ENTRADA PRINCIPAL--NOMBRE DE PERSONA
Nombre de persona República Dominicana. Ministerio de Educación. Consejo Nacional de Educación
245 #0 - MENCIÓN DEL TÍTULO
Título Acta de sesión extraordinaria del 6 de julio de 2011. Tarifas de colegios privados
260 ## - PUBLICACIÓN, DISTRIBUCIÓN, ETC.
Nombre del editor, distribuidor, etc. Santo Domingo
Fecha de publicación, distribución, etc. 2011
901 ## - ELEMENTOS DE DATOS A LOCAL LDA (RLIN)
a 2/9/2013 4:09:54 p.m.

No items available.

© 2024. Todos los Derechos Reservados. Desarrollado por IDEICE